Szczegóły MARC21

Nowy Jork /

005 -DATA I CZAS OSTATNIEJ MODYFIKACJI [,]
    • @
    • pole kontrolne
    • 20120907095747.0
020 -Międzynarod. znormalizowany nr książki - ISBN [ , ]
    • a
    • Numer ISBN
    • 9788361809135 Find
020 -Międzynarod. znormalizowany nr książki - ISBN [ , ]
    • a
    • Numer ISBN
    • 9788361809012 Find
040 -Instytucja sporządzająca opis [ , ]
    • a
    • Instytucja, która sporządziła opis (NP)
    • SZCZ U/KLR
    • c
    • Instytucja, która sporządziła rekord (NP)
    • SZCZ U/KLR
    • d
    • Instytucja, która zmodyfikowała rekord (P)
    • SZCZ U/AP
041 -Język dokumentu [1, ]
    • a
    • Język tekstu (P)
    • polski
    • h
    • Język tekstu oryginalnego i/lub pośredniego (P)
    • angielski
044 -Kraj miejsca wydania [ , ]
    • a
    • Kraj miejsca wydania
    • Polska
942 -Rodzaj dokumentu [ , ]
    • c
    • Rodzaj dokumentu
    • Książka
245 -Strefa tytułu i oznaczenia odpowiedzialności [0,0]
    • a
    • Tytuł
    • Nowy Jork / Find
    • c
    • Pozostałe elementy strefy tytułu i oznaczenia odpowiedzialności (NP)
    • [przygot. ed. polskiej Bogdan Rudnicki, Joanna Zaborowska ; tł. Arkadiusz Belczyk ; red. Marcin Gałuszka].
246 -Wariant tytułu [1, ]
    • i
    • Tekst wyświetlany na ekranie monitora (NP)
    • Tyt. oryg.:
    • a
    • Tytuł (NP)
    • New York City
260 -Strefa adresu wydawniczego [ , ]
    • a
    • Miejsce wydania (P)
    • Warszawa :
    • b
    • Nazwa wydawcy (P)
    • Mediaprofit,
    • c
    • Data wydania (P)
    • 2009.
300 -Strefa opisu fizycznego [ , ]
    • a
    • Określenie formy książki i/lub objętość (NP)
    • 278 s. :
    • b
    • Oznaczenie ilustracji (NP)
    • il. ;
    • c
    • Format (NP)
    • 23 cm.
830 -Hasło dodatkowe serii i opisu książki wielotomowej - tytuł ujednolicony/tytuł [ ,0]
    • 9
    • KHW
    • 44063
    • a
    • Tytuł ujednolicony/tytuł (NP)
    • Biblioteka Gazety Wyborczej.
    • p
    • Nazwa części/podserii/sekcji (P)
    • Miasta Marzeń
    • v
    • Oznaczenie tomu (NP)
    • 14
504 -Uwaga dot. bibliogr. załącznikowej [ , ]
    • a
    • Uwaga dot. bibliografii załącznikowej
    • Ind.
546 -Uwaga dot. języka [ , ]
    • a
    • Uwaga dot. języka
    • Tł. z jęz. ang.
080 -Uniwersalna Klasyfikacja Dziesiętna [ , ]
    • 2
    • Identyfikator wydania tablic
    • UDC-P058
    • a
    • Symbol klasyfikacji
    • 913(73)(036)
    • b
    • Dopowiedzenie
    • Przewodniki turystyczno-krajoznawcze po USA.
980 -Symbol UKD [ , ]
    • a
    • UKD
    • 913(73)(036)Nowy Jork
700 -Hasło dodatkowe - nazwa osobowa [1, ]
    • 9
    • KHW
    • 325
    • a
    • Nazwa osobowa (NP)
    • Rudnicki, Bogdan. Find
    • e
    • Określenie rodzaju współpracy
    • Oprac.
700 -Hasło dodatkowe - nazwa osobowa [1, ]
    • 9
    • KHW
    • 49915
    • a
    • Nazwa osobowa (NP)
    • Zaborowska, Joanna. Find
    • e
    • Określenie rodzaju współpracy
    • Oprac.
700 -Hasło dodatkowe - nazwa osobowa [1, ]
    • 9
    • KHW
    • 49914
    • a
    • Nazwa osobowa (NP)
    • Belczyk, Arkadiusz. Find
    • e
    • Określenie rodzaju współpracy
    • Tł.
700 -Hasło dodatkowe - nazwa osobowa [1, ]
    • 9
    • KHW
    • 1638
    • a
    • Nazwa osobowa (NP)
    • Gałuszka, Marcin. Find
    • e
    • Określenie rodzaju współpracy
    • Red.
920 -ISBN [ , ]
    • a
    • ISBN
    • 978-83-61809-13-5 (ISBN serii) Find
920 -ISBN [ , ]
    • a
    • ISBN
    • 978-83-61809-01-2 Find
Status udost. Numer inwentarzowy Sygnatura Lokalizacja Data inwentaryzacji
1T.10624T.10624T2009-08-11